<?xml version="1.0" encoding="UTF-8"?>
<record
    xmlns:xsi="http://www.w3.org/2001/XMLSchema-instance"
    xsi:schemaLocation="http://www.loc.gov/MARC21/slim http://www.loc.gov/standards/marcxml/schema/MARC21slim.xsd"
    xmlns="http://www.loc.gov/MARC21/slim">

  <leader>01219nas a2200253 i 4500</leader>
  <controlfield tag="003">DO-SdBNP</controlfield>
  <controlfield tag="005">20260217144315.0</controlfield>
  <controlfield tag="007">ta</controlfield>
  <controlfield tag="008">260217e1971    dr mn|p|r||||||0| |0spa d</controlfield>
  <datafield tag="040" ind1=" " ind2=" ">
    <subfield code="a">DO-SdBNP</subfield>
    <subfield code="b">spa</subfield>
    <subfield code="c">BNPHU</subfield>
    <subfield code="e">rda</subfield>
  </datafield>
  <datafield tag="041" ind1=" " ind2=" ">
    <subfield code="a">spa</subfield>
  </datafield>
  <datafield tag="245" ind1=" " ind2=" ">
    <subfield code="a">Franciscanismo : </subfield>
    <subfield code="b">revista de los PP Capuchino.</subfield>
  </datafield>
  <datafield tag="264" ind1=" " ind2=" ">
    <subfield code="a">Santo Domingo, Rep&#xFA;blica Dominicana : </subfield>
    <subfield code="b">Propaganda Franciscana, </subfield>
    <subfield code="c">1971.</subfield>
  </datafield>
  <datafield tag="300" ind1=" " ind2=" ">
    <subfield code="a">volumen : </subfield>
    <subfield code="b">ilustraciones, fotograf&#xED;as ; </subfield>
    <subfield code="c">23 cm.</subfield>
  </datafield>
  <datafield tag="336" ind1=" " ind2=" ">
    <subfield code="a">texto</subfield>
    <subfield code="b">txt</subfield>
    <subfield code="2">rdacontent</subfield>
  </datafield>
  <datafield tag="337" ind1=" " ind2=" ">
    <subfield code="a">sin mediaci&#xF3;n </subfield>
    <subfield code="b">n</subfield>
    <subfield code="2">rdamedia</subfield>
  </datafield>
  <datafield tag="338" ind1=" " ind2=" ">
    <subfield code="a">volumen</subfield>
    <subfield code="b">nc</subfield>
    <subfield code="2">rdacarrier</subfield>
  </datafield>
  <datafield tag="362" ind1=" " ind2=" ">
    <subfield code="a">A&#xF1;o 1. No. 1, marzo-abril 1971.</subfield>
  </datafield>
  <datafield tag="500" ind1=" " ind2=" ">
    <subfield code="a">Catalogaci&#xF3;n basada en el A&#xF1;o 1. No. 1, marzo-abril 1971.</subfield>
  </datafield>
  <datafield tag="520" ind1=" " ind2=" ">
    <subfield code="a">El Franciscanismo es un don de Dios para la Iglesia, y dentro de la perspectiva eclesial hay que vivirlo. Todo movimiento espiritual debe ser una respuesta a una necesidad concreta de la Iglesia, y esa concretez temporal debe ser continuamente actualizada al ritmo de las necesidades prioritarias de la Iglesia.</subfield>
  </datafield>
  <datafield tag="650" ind1=" " ind2="0">
    <subfield code="a">Franciscanos en Rep&#xFA;blica Dominicana</subfield>
    <subfield code="9">33916</subfield>
    <subfield code="v">Publicaciones peri&#xF3;dicas</subfield>
  </datafield>
  <datafield tag="650" ind1=" " ind2="0">
    <subfield code="a">Religi&#xF3;n</subfield>
    <subfield code="x">Ense&#xF1;anza</subfield>
    <subfield code="v">Publicaciones peri&#xF3;dicas</subfield>
    <subfield code="9">63874</subfield>
  </datafield>
  <datafield tag="942" ind1=" " ind2=" ">
    <subfield code="2">ddc</subfield>
    <subfield code="c">ISSUE</subfield>
  </datafield>
  <datafield tag="952" ind1=" " ind2=" ">
    <subfield code="0">0</subfield>
    <subfield code="1">0</subfield>
    <subfield code="2">ddc</subfield>
    <subfield code="4">0</subfield>
    <subfield code="5">5</subfield>
    <subfield code="7">0</subfield>
    <subfield code="8">SE</subfield>
    <subfield code="a">BNPHU</subfield>
    <subfield code="b">BNPHU</subfield>
    <subfield code="d">2026-02-17</subfield>
    <subfield code="h">A&#xF1;o 1. No. 1, marzo-abril 1971</subfield>
    <subfield code="l">0</subfield>
    <subfield code="p">2026-1269</subfield>
    <subfield code="r">2026-02-17</subfield>
    <subfield code="t">e.1</subfield>
    <subfield code="w">2026-02-17</subfield>
    <subfield code="y">ISSUE</subfield>
  </datafield>
  <datafield tag="952" ind1=" " ind2=" ">
    <subfield code="0">0</subfield>
    <subfield code="1">0</subfield>
    <subfield code="2">ddc</subfield>
    <subfield code="4">0</subfield>
    <subfield code="5">5</subfield>
    <subfield code="7">0</subfield>
    <subfield code="8">SE</subfield>
    <subfield code="a">BNPHU</subfield>
    <subfield code="b">BNPHU</subfield>
    <subfield code="d">2026-02-17</subfield>
    <subfield code="h">A&#xF1;o 1. No. 1, marzo-abril 1971</subfield>
    <subfield code="l">0</subfield>
    <subfield code="p">2026-1270</subfield>
    <subfield code="r">2026-02-17</subfield>
    <subfield code="t">e.2</subfield>
    <subfield code="w">2026-02-17</subfield>
    <subfield code="y">ISSUE</subfield>
  </datafield>
  <datafield tag="952" ind1=" " ind2=" ">
    <subfield code="0">0</subfield>
    <subfield code="1">0</subfield>
    <subfield code="2">ddc</subfield>
    <subfield code="4">0</subfield>
    <subfield code="5">5</subfield>
    <subfield code="7">0</subfield>
    <subfield code="8">SE</subfield>
    <subfield code="a">BNPHU</subfield>
    <subfield code="b">BNPHU</subfield>
    <subfield code="d">2026-02-17</subfield>
    <subfield code="h">A&#xF1;o 1. No. 2, mayo 1971</subfield>
    <subfield code="l">0</subfield>
    <subfield code="p">2026-1271</subfield>
    <subfield code="r">2026-02-17</subfield>
    <subfield code="t">e.1</subfield>
    <subfield code="w">2026-02-17</subfield>
    <subfield code="y">ISSUE</subfield>
  </datafield>
  <datafield tag="952" ind1=" " ind2=" ">
    <subfield code="0">0</subfield>
    <subfield code="1">0</subfield>
    <subfield code="2">ddc</subfield>
    <subfield code="4">0</subfield>
    <subfield code="5">5</subfield>
    <subfield code="7">0</subfield>
    <subfield code="8">SE</subfield>
    <subfield code="a">BNPHU</subfield>
    <subfield code="b">BNPHU</subfield>
    <subfield code="d">2026-02-17</subfield>
    <subfield code="h">A&#xF1;o 1. No. 2, mayo 1971</subfield>
    <subfield code="l">0</subfield>
    <subfield code="p">2026-1272</subfield>
    <subfield code="r">2026-02-17</subfield>
    <subfield code="t">e.2</subfield>
    <subfield code="w">2026-02-17</subfield>
    <subfield code="y">ISSUE</subfield>
  </datafield>
  <datafield tag="952" ind1=" " ind2=" ">
    <subfield code="0">0</subfield>
    <subfield code="1">0</subfield>
    <subfield code="2">ddc</subfield>
    <subfield code="4">0</subfield>
    <subfield code="5">5</subfield>
    <subfield code="7">0</subfield>
    <subfield code="8">SE</subfield>
    <subfield code="a">BNPHU</subfield>
    <subfield code="b">BNPHU</subfield>
    <subfield code="d">2026-02-17</subfield>
    <subfield code="h">A&#xF1;o 1. No. 3, junio 1971</subfield>
    <subfield code="l">0</subfield>
    <subfield code="p">2026-1273</subfield>
    <subfield code="r">2026-02-17</subfield>
    <subfield code="t">e.1</subfield>
    <subfield code="w">2026-02-17</subfield>
    <subfield code="y">ISSUE</subfield>
  </datafield>
  <datafield tag="952" ind1=" " ind2=" ">
    <subfield code="0">0</subfield>
    <subfield code="1">0</subfield>
    <subfield code="2">ddc</subfield>
    <subfield code="4">0</subfield>
    <subfield code="5">5</subfield>
    <subfield code="7">0</subfield>
    <subfield code="8">SE</subfield>
    <subfield code="a">BNPHU</subfield>
    <subfield code="b">BNPHU</subfield>
    <subfield code="d">2026-02-17</subfield>
    <subfield code="h">A&#xF1;o 1. No. 3, junio 1971</subfield>
    <subfield code="l">0</subfield>
    <subfield code="p">2026-1274</subfield>
    <subfield code="r">2026-02-17</subfield>
    <subfield code="t">e.2</subfield>
    <subfield code="w">2026-02-17</subfield>
    <subfield code="y">ISSUE</subfield>
  </datafield>
  <datafield tag="952" ind1=" " ind2=" ">
    <subfield code="0">0</subfield>
    <subfield code="1">0</subfield>
    <subfield code="2">ddc</subfield>
    <subfield code="4">0</subfield>
    <subfield code="5">5</subfield>
    <subfield code="7">0</subfield>
    <subfield code="8">SE</subfield>
    <subfield code="a">BNPHU</subfield>
    <subfield code="b">BNPHU</subfield>
    <subfield code="d">2026-02-17</subfield>
    <subfield code="h">A&#xF1;o 1. No. 4, julio 1971</subfield>
    <subfield code="l">0</subfield>
    <subfield code="p">2026-1275</subfield>
    <subfield code="r">2026-02-17</subfield>
    <subfield code="t">e.1</subfield>
    <subfield code="w">2026-02-17</subfield>
    <subfield code="y">ISSUE</subfield>
  </datafield>
  <datafield tag="952" ind1=" " ind2=" ">
    <subfield code="0">0</subfield>
    <subfield code="1">0</subfield>
    <subfield code="2">ddc</subfield>
    <subfield code="4">0</subfield>
    <subfield code="5">5</subfield>
    <subfield code="7">0</subfield>
    <subfield code="8">SE</subfield>
    <subfield code="a">BNPHU</subfield>
    <subfield code="b">BNPHU</subfield>
    <subfield code="d">2026-02-17</subfield>
    <subfield code="h">A&#xF1;o 1. No. 5, agosto 1971</subfield>
    <subfield code="l">0</subfield>
    <subfield code="p">2026-1276</subfield>
    <subfield code="r">2026-02-17</subfield>
    <subfield code="t">e.1</subfield>
    <subfield code="w">2026-02-17</subfield>
    <subfield code="y">ISSUE</subfield>
  </datafield>
  <datafield tag="952" ind1=" " ind2=" ">
    <subfield code="0">0</subfield>
    <subfield code="1">0</subfield>
    <subfield code="2">ddc</subfield>
    <subfield code="4">0</subfield>
    <subfield code="5">5</subfield>
    <subfield code="7">0</subfield>
    <subfield code="8">SE</subfield>
    <subfield code="a">BNPHU</subfield>
    <subfield code="b">BNPHU</subfield>
    <subfield code="d">2026-02-17</subfield>
    <subfield code="h">A&#xF1;o 1. No. 5, agosto 1971</subfield>
    <subfield code="l">0</subfield>
    <subfield code="p">2026-1277</subfield>
    <subfield code="r">2026-02-17</subfield>
    <subfield code="t">e.2</subfield>
    <subfield code="w">2026-02-17</subfield>
    <subfield code="y">ISSUE</subfield>
  </datafield>
  <datafield tag="952" ind1=" " ind2=" ">
    <subfield code="0">0</subfield>
    <subfield code="1">0</subfield>
    <subfield code="2">ddc</subfield>
    <subfield code="4">0</subfield>
    <subfield code="5">5</subfield>
    <subfield code="7">0</subfield>
    <subfield code="8">SE</subfield>
    <subfield code="a">BNPHU</subfield>
    <subfield code="b">BNPHU</subfield>
    <subfield code="d">2026-02-17</subfield>
    <subfield code="h">A&#xF1;o 1. No. 6, septiembre 1971</subfield>
    <subfield code="l">0</subfield>
    <subfield code="p">2026-1278</subfield>
    <subfield code="r">2026-02-17</subfield>
    <subfield code="t">e.1</subfield>
    <subfield code="w">2026-02-17</subfield>
    <subfield code="y">ISSUE</subfield>
  </datafield>
  <datafield tag="952" ind1=" " ind2=" ">
    <subfield code="0">0</subfield>
    <subfield code="1">0</subfield>
    <subfield code="2">ddc</subfield>
    <subfield code="4">0</subfield>
    <subfield code="5">5</subfield>
    <subfield code="7">0</subfield>
    <subfield code="8">SE</subfield>
    <subfield code="a">BNPHU</subfield>
    <subfield code="b">BNPHU</subfield>
    <subfield code="d">2026-02-17</subfield>
    <subfield code="h">A&#xF1;o 1. No. 6, septiembre 1971</subfield>
    <subfield code="l">0</subfield>
    <subfield code="p">2026-1279</subfield>
    <subfield code="r">2026-02-17</subfield>
    <subfield code="t">e.2</subfield>
    <subfield code="w">2026-02-17</subfield>
    <subfield code="y">ISSUE</subfield>
  </datafield>
  <datafield tag="952" ind1=" " ind2=" ">
    <subfield code="0">0</subfield>
    <subfield code="1">0</subfield>
    <subfield code="2">ddc</subfield>
    <subfield code="4">0</subfield>
    <subfield code="5">5</subfield>
    <subfield code="7">0</subfield>
    <subfield code="8">SE</subfield>
    <subfield code="a">BNPHU</subfield>
    <subfield code="b">BNPHU</subfield>
    <subfield code="d">2026-02-17</subfield>
    <subfield code="h">A&#xF1;o 1. No. 7, octubre 1971</subfield>
    <subfield code="l">0</subfield>
    <subfield code="p">2026-1282</subfield>
    <subfield code="r">2026-02-17</subfield>
    <subfield code="t">e.1</subfield>
    <subfield code="w">2026-02-17</subfield>
    <subfield code="y">ISSUE</subfield>
  </datafield>
  <datafield tag="952" ind1=" " ind2=" ">
    <subfield code="0">0</subfield>
    <subfield code="1">0</subfield>
    <subfield code="2">ddc</subfield>
    <subfield code="4">0</subfield>
    <subfield code="5">5</subfield>
    <subfield code="7">0</subfield>
    <subfield code="8">SE</subfield>
    <subfield code="a">BNPHU</subfield>
    <subfield code="b">BNPHU</subfield>
    <subfield code="d">2026-02-17</subfield>
    <subfield code="h">A&#xF1;o 1. No. 7, octubre 1971</subfield>
    <subfield code="l">0</subfield>
    <subfield code="p">2026-1283</subfield>
    <subfield code="r">2026-02-17</subfield>
    <subfield code="t">e.2</subfield>
    <subfield code="w">2026-02-17</subfield>
    <subfield code="y">ISSUE</subfield>
  </datafield>
  <datafield tag="952" ind1=" " ind2=" ">
    <subfield code="0">0</subfield>
    <subfield code="1">0</subfield>
    <subfield code="2">ddc</subfield>
    <subfield code="4">0</subfield>
    <subfield code="5">5</subfield>
    <subfield code="7">0</subfield>
    <subfield code="8">SE</subfield>
    <subfield code="a">BNPHU</subfield>
    <subfield code="b">BNPHU</subfield>
    <subfield code="d">2026-02-17</subfield>
    <subfield code="h">A&#xF1;o 1. No. 8, noviembre 1971</subfield>
    <subfield code="l">0</subfield>
    <subfield code="p">2026-1285</subfield>
    <subfield code="r">2026-02-17</subfield>
    <subfield code="t">e.1</subfield>
    <subfield code="w">2026-02-17</subfield>
    <subfield code="y">ISSUE</subfield>
  </datafield>
  <datafield tag="952" ind1=" " ind2=" ">
    <subfield code="0">0</subfield>
    <subfield code="1">0</subfield>
    <subfield code="2">ddc</subfield>
    <subfield code="4">0</subfield>
    <subfield code="5">5</subfield>
    <subfield code="7">0</subfield>
    <subfield code="8">SE</subfield>
    <subfield code="a">BNPHU</subfield>
    <subfield code="b">BNPHU</subfield>
    <subfield code="d">2026-02-17</subfield>
    <subfield code="h">A&#xF1;o 1. No. 8, noviembre 1971</subfield>
    <subfield code="l">0</subfield>
    <subfield code="p">2026-1286</subfield>
    <subfield code="r">2026-02-17</subfield>
    <subfield code="t">e.2</subfield>
    <subfield code="w">2026-02-17</subfield>
    <subfield code="y">ISSUE</subfield>
  </datafield>
  <datafield tag="952" ind1=" " ind2=" ">
    <subfield code="0">0</subfield>
    <subfield code="1">0</subfield>
    <subfield code="2">ddc</subfield>
    <subfield code="4">0</subfield>
    <subfield code="5">5</subfield>
    <subfield code="7">0</subfield>
    <subfield code="8">SE</subfield>
    <subfield code="a">BNPHU</subfield>
    <subfield code="b">BNPHU</subfield>
    <subfield code="d">2026-02-17</subfield>
    <subfield code="h">A&#xF1;o 1. No. 9, diciembre 1971</subfield>
    <subfield code="l">0</subfield>
    <subfield code="p">2026-1287</subfield>
    <subfield code="r">2026-02-17</subfield>
    <subfield code="t">e.1</subfield>
    <subfield code="w">2026-02-17</subfield>
    <subfield code="y">ISSUE</subfield>
  </datafield>
  <datafield tag="952" ind1=" " ind2=" ">
    <subfield code="0">0</subfield>
    <subfield code="1">0</subfield>
    <subfield code="2">ddc</subfield>
    <subfield code="4">0</subfield>
    <subfield code="5">5</subfield>
    <subfield code="7">0</subfield>
    <subfield code="8">SE</subfield>
    <subfield code="a">BNPHU</subfield>
    <subfield code="b">BNPHU</subfield>
    <subfield code="d">2026-02-17</subfield>
    <subfield code="h">A&#xF1;o 1. No. 9, diciembre 1971</subfield>
    <subfield code="l">0</subfield>
    <subfield code="p">2026-1288</subfield>
    <subfield code="r">2026-02-17</subfield>
    <subfield code="t">e.2</subfield>
    <subfield code="w">2026-02-17</subfield>
    <subfield code="y">ISSUE</subfield>
  </datafield>
  <datafield tag="952" ind1=" " ind2=" ">
    <subfield code="0">0</subfield>
    <subfield code="1">0</subfield>
    <subfield code="2">ddc</subfield>
    <subfield code="4">0</subfield>
    <subfield code="5">5</subfield>
    <subfield code="7">0</subfield>
    <subfield code="8">SE</subfield>
    <subfield code="a">BNPHU</subfield>
    <subfield code="b">BNPHU</subfield>
    <subfield code="d">2026-02-17</subfield>
    <subfield code="h">A&#xF1;o 1. No. 10, enero 1972</subfield>
    <subfield code="l">0</subfield>
    <subfield code="p">2026-1289</subfield>
    <subfield code="r">2026-02-17</subfield>
    <subfield code="t">e.1</subfield>
    <subfield code="w">2026-02-17</subfield>
    <subfield code="y">ISSUE</subfield>
  </datafield>
  <datafield tag="952" ind1=" " ind2=" ">
    <subfield code="0">0</subfield>
    <subfield code="1">0</subfield>
    <subfield code="2">ddc</subfield>
    <subfield code="4">0</subfield>
    <subfield code="5">5</subfield>
    <subfield code="7">0</subfield>
    <subfield code="8">SE</subfield>
    <subfield code="a">BNPHU</subfield>
    <subfield code="b">BNPHU</subfield>
    <subfield code="d">2026-02-17</subfield>
    <subfield code="h">A&#xF1;o 1. No. 10, enero 1972</subfield>
    <subfield code="l">0</subfield>
    <subfield code="p">2026-1290</subfield>
    <subfield code="r">2026-02-17</subfield>
    <subfield code="t">e.2</subfield>
    <subfield code="w">2026-02-17</subfield>
    <subfield code="y">ISSUE</subfield>
  </datafield>
  <datafield tag="952" ind1=" " ind2=" ">
    <subfield code="0">0</subfield>
    <subfield code="1">0</subfield>
    <subfield code="2">ddc</subfield>
    <subfield code="4">0</subfield>
    <subfield code="5">5</subfield>
    <subfield code="7">0</subfield>
    <subfield code="8">SE</subfield>
    <subfield code="a">BNPHU</subfield>
    <subfield code="b">BNPHU</subfield>
    <subfield code="d">2026-02-17</subfield>
    <subfield code="h">A&#xF1;o 1. No. 11, febrero 1972</subfield>
    <subfield code="l">0</subfield>
    <subfield code="p">2026-1291</subfield>
    <subfield code="r">2026-02-17</subfield>
    <subfield code="t">e.1</subfield>
    <subfield code="w">2026-02-17</subfield>
    <subfield code="y">ISSUE</subfield>
  </datafield>
  <datafield tag="952" ind1=" " ind2=" ">
    <subfield code="0">0</subfield>
    <subfield code="1">0</subfield>
    <subfield code="2">ddc</subfield>
    <subfield code="4">0</subfield>
    <subfield code="5">5</subfield>
    <subfield code="7">0</subfield>
    <subfield code="8">SE</subfield>
    <subfield code="a">BNPHU</subfield>
    <subfield code="b">BNPHU</subfield>
    <subfield code="d">2026-02-17</subfield>
    <subfield code="h">A&#xF1;o 1. No. 11, febrero 1972</subfield>
    <subfield code="l">0</subfield>
    <subfield code="p">2026-1292</subfield>
    <subfield code="r">2026-02-17</subfield>
    <subfield code="t">e.2</subfield>
    <subfield code="w">2026-02-17</subfield>
    <subfield code="y">ISSUE</subfield>
  </datafield>
  <datafield tag="952" ind1=" " ind2=" ">
    <subfield code="0">0</subfield>
    <subfield code="1">0</subfield>
    <subfield code="2">ddc</subfield>
    <subfield code="4">0</subfield>
    <subfield code="5">5</subfield>
    <subfield code="7">0</subfield>
    <subfield code="8">SE</subfield>
    <subfield code="a">BNPHU</subfield>
    <subfield code="b">BNPHU</subfield>
    <subfield code="d">2026-02-17</subfield>
    <subfield code="h">A&#xF1;o 1. No. 12, marzo 1972</subfield>
    <subfield code="l">0</subfield>
    <subfield code="p">2026-1293</subfield>
    <subfield code="r">2026-02-17</subfield>
    <subfield code="t">e.1</subfield>
    <subfield code="w">2026-02-17</subfield>
    <subfield code="y">ISSUE</subfield>
  </datafield>
  <datafield tag="952" ind1=" " ind2=" ">
    <subfield code="0">0</subfield>
    <subfield code="1">0</subfield>
    <subfield code="2">ddc</subfield>
    <subfield code="4">0</subfield>
    <subfield code="5">5</subfield>
    <subfield code="7">0</subfield>
    <subfield code="8">SE</subfield>
    <subfield code="a">BNPHU</subfield>
    <subfield code="b">BNPHU</subfield>
    <subfield code="d">2026-02-17</subfield>
    <subfield code="h">A&#xF1;o 1. No. 12, marzo 1972</subfield>
    <subfield code="l">0</subfield>
    <subfield code="p">2026-1294</subfield>
    <subfield code="r">2026-02-17</subfield>
    <subfield code="t">e.2</subfield>
    <subfield code="w">2026-02-17</subfield>
    <subfield code="y">ISSUE</subfield>
  </datafield>
  <datafield tag="952" ind1=" " ind2=" ">
    <subfield code="0">0</subfield>
    <subfield code="1">0</subfield>
    <subfield code="2">ddc</subfield>
    <subfield code="4">0</subfield>
    <subfield code="5">5</subfield>
    <subfield code="7">0</subfield>
    <subfield code="8">SE</subfield>
    <subfield code="a">BNPHU</subfield>
    <subfield code="b">BNPHU</subfield>
    <subfield code="d">2026-02-17</subfield>
    <subfield code="h">A&#xF1;o 2. No. 13, abril 1972</subfield>
    <subfield code="l">0</subfield>
    <subfield code="p">2026-1295</subfield>
    <subfield code="r">2026-02-17</subfield>
    <subfield code="t">e.1</subfield>
    <subfield code="w">2026-02-17</subfield>
    <subfield code="y">ISSUE</subfield>
  </datafield>
  <datafield tag="952" ind1=" " ind2=" ">
    <subfield code="0">0</subfield>
    <subfield code="1">0</subfield>
    <subfield code="2">ddc</subfield>
    <subfield code="4">0</subfield>
    <subfield code="5">5</subfield>
    <subfield code="7">0</subfield>
    <subfield code="8">SE</subfield>
    <subfield code="a">BNPHU</subfield>
    <subfield code="b">BNPHU</subfield>
    <subfield code="d">2026-02-17</subfield>
    <subfield code="h">A&#xF1;o 2. No. 13, abril 1972</subfield>
    <subfield code="l">0</subfield>
    <subfield code="p">2026-1296</subfield>
    <subfield code="r">2026-02-17</subfield>
    <subfield code="t">e.2</subfield>
    <subfield code="w">2026-02-17</subfield>
    <subfield code="y">ISSUE</subfield>
  </datafield>
  <datafield tag="952" ind1=" " ind2=" ">
    <subfield code="0">0</subfield>
    <subfield code="1">0</subfield>
    <subfield code="2">ddc</subfield>
    <subfield code="4">0</subfield>
    <subfield code="5">5</subfield>
    <subfield code="7">0</subfield>
    <subfield code="8">SE</subfield>
    <subfield code="a">BNPHU</subfield>
    <subfield code="b">BNPHU</subfield>
    <subfield code="d">2026-02-17</subfield>
    <subfield code="h">A&#xF1;o 2. No. 14, mayo 1972</subfield>
    <subfield code="l">0</subfield>
    <subfield code="p">2026-1297</subfield>
    <subfield code="r">2026-02-17</subfield>
    <subfield code="t">e.1</subfield>
    <subfield code="w">2026-02-17</subfield>
    <subfield code="y">ISSUE</subfield>
  </datafield>
  <datafield tag="952" ind1=" " ind2=" ">
    <subfield code="0">0</subfield>
    <subfield code="1">0</subfield>
    <subfield code="2">ddc</subfield>
    <subfield code="4">0</subfield>
    <subfield code="5">5</subfield>
    <subfield code="7">0</subfield>
    <subfield code="8">SE</subfield>
    <subfield code="a">BNPHU</subfield>
    <subfield code="b">BNPHU</subfield>
    <subfield code="d">2026-02-17</subfield>
    <subfield code="h">A&#xF1;o 2. No. 15, junio 1972</subfield>
    <subfield code="l">0</subfield>
    <subfield code="p">2026-1298</subfield>
    <subfield code="r">2026-02-17</subfield>
    <subfield code="t">e.1</subfield>
    <subfield code="w">2026-02-17</subfield>
    <subfield code="y">ISSUE</subfield>
  </datafield>
  <datafield tag="952" ind1=" " ind2=" ">
    <subfield code="0">0</subfield>
    <subfield code="1">0</subfield>
    <subfield code="2">ddc</subfield>
    <subfield code="4">0</subfield>
    <subfield code="5">5</subfield>
    <subfield code="7">0</subfield>
    <subfield code="8">SE</subfield>
    <subfield code="a">BNPHU</subfield>
    <subfield code="b">BNPHU</subfield>
    <subfield code="d">2026-02-17</subfield>
    <subfield code="h">A&#xF1;o 2. No. 16, julio-agosto 1972</subfield>
    <subfield code="l">0</subfield>
    <subfield code="p">2026-1299</subfield>
    <subfield code="r">2026-02-17</subfield>
    <subfield code="t">e.1</subfield>
    <subfield code="w">2026-02-17</subfield>
    <subfield code="y">ISSUE</subfield>
  </datafield>
  <datafield tag="952" ind1=" " ind2=" ">
    <subfield code="0">0</subfield>
    <subfield code="1">0</subfield>
    <subfield code="2">ddc</subfield>
    <subfield code="4">0</subfield>
    <subfield code="5">5</subfield>
    <subfield code="7">0</subfield>
    <subfield code="8">SE</subfield>
    <subfield code="a">BNPHU</subfield>
    <subfield code="b">BNPHU</subfield>
    <subfield code="d">2026-02-17</subfield>
    <subfield code="h">A&#xF1;o 2. No. 16, julio-agosto 1972</subfield>
    <subfield code="l">0</subfield>
    <subfield code="p">2026-1300</subfield>
    <subfield code="r">2026-02-17</subfield>
    <subfield code="t">e.2</subfield>
    <subfield code="w">2026-02-17</subfield>
    <subfield code="y">ISSUE</subfield>
  </datafield>
  <datafield tag="952" ind1=" " ind2=" ">
    <subfield code="0">0</subfield>
    <subfield code="1">0</subfield>
    <subfield code="2">ddc</subfield>
    <subfield code="4">0</subfield>
    <subfield code="5">5</subfield>
    <subfield code="7">0</subfield>
    <subfield code="8">SE</subfield>
    <subfield code="a">BNPHU</subfield>
    <subfield code="b">BNPHU</subfield>
    <subfield code="d">2026-02-17</subfield>
    <subfield code="h">A&#xF1;o 2. No. 17, septiembre 1972</subfield>
    <subfield code="l">0</subfield>
    <subfield code="p">2026-1301</subfield>
    <subfield code="r">2026-02-17</subfield>
    <subfield code="t">e.1</subfield>
    <subfield code="w">2026-02-17</subfield>
    <subfield code="y">ISSUE</subfield>
  </datafield>
  <datafield tag="952" ind1=" " ind2=" ">
    <subfield code="0">0</subfield>
    <subfield code="1">0</subfield>
    <subfield code="2">ddc</subfield>
    <subfield code="4">0</subfield>
    <subfield code="5">5</subfield>
    <subfield code="7">0</subfield>
    <subfield code="8">SE</subfield>
    <subfield code="a">BNPHU</subfield>
    <subfield code="b">BNPHU</subfield>
    <subfield code="d">2026-02-17</subfield>
    <subfield code="h">A&#xF1;o 2. No. 18, octubre 1972</subfield>
    <subfield code="l">0</subfield>
    <subfield code="p">2026-1302</subfield>
    <subfield code="r">2026-02-17</subfield>
    <subfield code="t">e.1</subfield>
    <subfield code="w">2026-02-17</subfield>
    <subfield code="y">ISSUE</subfield>
  </datafield>
  <datafield tag="952" ind1=" " ind2=" ">
    <subfield code="0">0</subfield>
    <subfield code="1">0</subfield>
    <subfield code="2">ddc</subfield>
    <subfield code="4">0</subfield>
    <subfield code="5">5</subfield>
    <subfield code="7">0</subfield>
    <subfield code="8">SE</subfield>
    <subfield code="a">BNPHU</subfield>
    <subfield code="b">BNPHU</subfield>
    <subfield code="d">2026-02-17</subfield>
    <subfield code="h">A&#xF1;o 2. No. 18, octubre 1972</subfield>
    <subfield code="l">0</subfield>
    <subfield code="p">2026-1303</subfield>
    <subfield code="r">2026-02-17</subfield>
    <subfield code="t">e.2</subfield>
    <subfield code="w">2026-02-17</subfield>
    <subfield code="y">ISSUE</subfield>
  </datafield>
  <datafield tag="952" ind1=" " ind2=" ">
    <subfield code="0">0</subfield>
    <subfield code="1">0</subfield>
    <subfield code="2">ddc</subfield>
    <subfield code="4">0</subfield>
    <subfield code="5">5</subfield>
    <subfield code="7">0</subfield>
    <subfield code="8">SE</subfield>
    <subfield code="a">BNPHU</subfield>
    <subfield code="b">BNPHU</subfield>
    <subfield code="d">2026-02-17</subfield>
    <subfield code="h">A&#xF1;o 2. No. 19, noviembre 1972</subfield>
    <subfield code="l">0</subfield>
    <subfield code="p">2026-1304</subfield>
    <subfield code="r">2026-02-17</subfield>
    <subfield code="t">e.1</subfield>
    <subfield code="w">2026-02-17</subfield>
    <subfield code="y">ISSUE</subfield>
  </datafield>
  <datafield tag="952" ind1=" " ind2=" ">
    <subfield code="0">0</subfield>
    <subfield code="1">0</subfield>
    <subfield code="2">ddc</subfield>
    <subfield code="4">0</subfield>
    <subfield code="5">5</subfield>
    <subfield code="7">0</subfield>
    <subfield code="8">SE</subfield>
    <subfield code="a">BNPHU</subfield>
    <subfield code="b">BNPHU</subfield>
    <subfield code="d">2026-02-17</subfield>
    <subfield code="h">A&#xF1;o 2. No. 19, noviembre 1972</subfield>
    <subfield code="l">0</subfield>
    <subfield code="p">2026-1305</subfield>
    <subfield code="r">2026-02-17</subfield>
    <subfield code="t">e.2</subfield>
    <subfield code="w">2026-02-17</subfield>
    <subfield code="y">ISSUE</subfield>
  </datafield>
  <datafield tag="952" ind1=" " ind2=" ">
    <subfield code="0">0</subfield>
    <subfield code="1">0</subfield>
    <subfield code="2">ddc</subfield>
    <subfield code="4">0</subfield>
    <subfield code="5">5</subfield>
    <subfield code="7">0</subfield>
    <subfield code="8">SE</subfield>
    <subfield code="a">BNPHU</subfield>
    <subfield code="b">BNPHU</subfield>
    <subfield code="d">2026-02-17</subfield>
    <subfield code="h">A&#xF1;o 2. No. 22, marzo 1973</subfield>
    <subfield code="l">0</subfield>
    <subfield code="p">2026-1306</subfield>
    <subfield code="r">2026-02-17</subfield>
    <subfield code="t">e.1</subfield>
    <subfield code="w">2026-02-17</subfield>
    <subfield code="y">ISSUE</subfield>
  </datafield>
  <datafield tag="952" ind1=" " ind2=" ">
    <subfield code="0">0</subfield>
    <subfield code="1">0</subfield>
    <subfield code="2">ddc</subfield>
    <subfield code="4">0</subfield>
    <subfield code="5">5</subfield>
    <subfield code="7">0</subfield>
    <subfield code="8">SE</subfield>
    <subfield code="a">BNPHU</subfield>
    <subfield code="b">BNPHU</subfield>
    <subfield code="d">2026-02-17</subfield>
    <subfield code="h">A&#xF1;o 2. No. 22, marzo1973</subfield>
    <subfield code="l">0</subfield>
    <subfield code="p">2026-1307</subfield>
    <subfield code="r">2026-02-17</subfield>
    <subfield code="t">e.2</subfield>
    <subfield code="w">2026-02-17</subfield>
    <subfield code="y">ISSUE</subfield>
  </datafield>
  <datafield tag="952" ind1=" " ind2=" ">
    <subfield code="0">0</subfield>
    <subfield code="1">0</subfield>
    <subfield code="2">ddc</subfield>
    <subfield code="4">0</subfield>
    <subfield code="5">5</subfield>
    <subfield code="7">0</subfield>
    <subfield code="8">SE</subfield>
    <subfield code="a">BNPHU</subfield>
    <subfield code="b">BNPHU</subfield>
    <subfield code="d">2026-02-17</subfield>
    <subfield code="h">A&#xF1;o 3. No. 23, abril-mayo 1973</subfield>
    <subfield code="l">0</subfield>
    <subfield code="p">2026-1308</subfield>
    <subfield code="r">2026-02-17</subfield>
    <subfield code="t">e.1</subfield>
    <subfield code="w">2026-02-17</subfield>
    <subfield code="y">ISSUE</subfield>
  </datafield>
  <datafield tag="952" ind1=" " ind2=" ">
    <subfield code="0">0</subfield>
    <subfield code="1">0</subfield>
    <subfield code="2">ddc</subfield>
    <subfield code="4">0</subfield>
    <subfield code="5">5</subfield>
    <subfield code="7">0</subfield>
    <subfield code="8">SE</subfield>
    <subfield code="a">BNPHU</subfield>
    <subfield code="b">BNPHU</subfield>
    <subfield code="d">2026-02-17</subfield>
    <subfield code="h">A&#xF1;o 3. No. 23, abril-mayo 1973</subfield>
    <subfield code="l">0</subfield>
    <subfield code="p">2026-1309</subfield>
    <subfield code="r">2026-02-17</subfield>
    <subfield code="t">e.2</subfield>
    <subfield code="w">2026-02-17</subfield>
    <subfield code="y">ISSUE</subfield>
  </datafield>
  <datafield tag="952" ind1=" " ind2=" ">
    <subfield code="0">0</subfield>
    <subfield code="1">0</subfield>
    <subfield code="2">ddc</subfield>
    <subfield code="4">0</subfield>
    <subfield code="5">5</subfield>
    <subfield code="7">0</subfield>
    <subfield code="8">SE</subfield>
    <subfield code="a">BNPHU</subfield>
    <subfield code="b">BNPHU</subfield>
    <subfield code="d">2026-02-17</subfield>
    <subfield code="h">A&#xF1;o 3. No. 24, junio1973</subfield>
    <subfield code="l">0</subfield>
    <subfield code="p">2026-1310</subfield>
    <subfield code="r">2026-02-17</subfield>
    <subfield code="t">e.1</subfield>
    <subfield code="w">2026-02-17</subfield>
    <subfield code="y">ISSUE</subfield>
  </datafield>
  <datafield tag="999" ind1=" " ind2=" ">
    <subfield code="c">60344</subfield>
    <subfield code="d">60344</subfield>
  </datafield>
</record>
